| 000 | 00653cam a2200193 a 4500 | ||
|---|---|---|---|
| 001 | 000023658 | ||
| 005 | 20200930022357.0 | ||
| 008 | 900918s1990 xxua 000 0 eng d | ||
| 020 | _a0962734802 | ||
| 040 |
_aDO-SdBNP _bspa _cBNPHU |
||
| 082 |
_axxxx _bT367 |
||
| 245 | 0 | 0 |
_aAnd that's the way it is(n't) : _ba reference guide to media bias / _cedición L. Brent Bozell III y Brent H. Baker. |
| 260 |
_aAlexandria, Virginia : _bMedia Research Center, _c1990. |
||
| 300 |
_axvii, 339 p. : _bil. ; _c23 cm. |
||
| 700 | 1 |
_aBozell, L. Brent, _eed. _948742 |
|
| 700 | 1 |
_aBaker, Brent H., _eed. _948743 |
|
| 910 | _aCatalogación derivada / LC | ||
| 049 | _aBNGR | ||
| 999 |
_c23154 _d23154 |
||